| 000 | 00451nam a22001577a 4500 | ||
|---|---|---|---|
| 008 | 130219b xxu||||| |||| 00| 0 eng d | ||
| 020 | _a0636014177 | ||
| 040 |
_aBSU _cBSU |
||
| 082 |
_219 _a371 WAL |
||
| 100 |
_aWalters,R.A _93873 |
||
| 245 |
_aMicro-teaching and teaching practice _ba guide for student teachers _cR.A.Walters |
||
| 250 | _a2nd ed. | ||
| 260 |
_aDurban _bMaskew Miller Longman _c1990 |
||
| 300 |
_aviii,104p. _c23 cm |
||
| 942 |
_2ddc _cRES |
||
| 999 |
_c1850 _d1850 |
||